000 00821nam a22002297a 4500
003 UA-OsUOA
001 126481
007 ta
008 20171025b un ||||| |||| 00| 0 ukr d
090 _a349.6(477)
_bО-92
942 _cBK
040 _aUA-OsUOA
_bukr
_cUA-OsUOA
_dUA-OsUOA
245 _aОхорона навколишнього природного середовища. Екологічна безпека
_bпрактичний посібник
_cупоряд.: А. В. Григоренко, Л. С. Григоренко
300 _a288 с.
955 _a2
041 _aukr
080 _a349.6(477)
020 _a978-611-01-0705-1
260 _aК.
_bЦУЛ
_c2017
650 7 _a349.6 Правові проблеми охорони навколишнього середовища
_2UDC
999 _c413679
_d413679